Tribal culture in Bangladesh (Record no. 125726)
[ view plain ]
| 000 -LEADER | |
|---|---|
| fixed length control field | 00483nam a22001577a 4500 |
| 008 - FIXED-LENGTH DATA ELEMENTS--GENERAL INFORMATION | |
| fixed length control field | 161115b xxu||||| |||| 00| 0 eng d |
| 050 ## - LIBRARY OF CONGRESS CALL NUMBER | |
| Classification number | HN690.6.A8S37 1975 |
| 100 ## - MAIN ENTRY--PERSONAL NAME | |
| Personal name | Sattar,Abdus |
| 9 (RLIN) | 27446 |
| 245 ## - TITLE STATEMENT | |
| Title | Tribal culture in Bangladesh |
| Statement of responsibility, etc | /Abdus Sattar |
| 260 ## - PUBLICATION, DISTRIBUTION, ETC. (IMPRINT) | |
| Place of publication, distribution, etc | Dacca |
| Name of publisher, distributor, etc | Muktadhara |
| Date of publication, distribution, etc | 1975 |
| 300 ## - PHYSICAL DESCRIPTION | |
| Extent | 256p.; |
| Dimensions | 21cm. |
| 650 ## - SUBJECT ADDED ENTRY--TOPICAL TERM | |
| Topical term or geographic name as entry element | Tribes |
| Geographic subdivision | Bangladesh |
| 9 (RLIN) | 27447 |
| 650 ## - SUBJECT ADDED ENTRY--TOPICAL TERM | |
| Topical term or geographic name as entry element | Dahits |
| Geographic subdivision | Bangladesh |
| 9 (RLIN) | 27448 |
| 650 ## - SUBJECT ADDED ENTRY--TOPICAL TERM | |
| Topical term or geographic name as entry element | Bangladesh |
| General subdivision | Social life & customs |
| 9 (RLIN) | 27449 |
| 942 ## - ADDED ENTRY ELEMENTS (KOHA) | |
| Source of classification or shelving scheme | Library of Congress Classification |
| Item type | Monograph ( Printed materials) |
| Withdrawn status | Lost status | Source of classification or shelving scheme | Damaged status | Not for loan | Collection code | Home library | Current library | Shelving location | Date acquired | Total Checkouts | Full call number | Barcode | Date last seen | Price effective from | Koha item type |
|---|---|---|---|---|---|---|---|---|---|---|---|---|---|---|---|
| Library of Congress Classification | Main Collection | ARRUPE LIBRARY | ARRUPE LIBRARY | Main Collection | 15/11/2016 | HN690.6.A8S37 1975 | 46500025457 | 30/04/2018 | 15/11/2016 | Monograph ( Printed materials) |